| 000 | 00421nam a2200157 i 4500 | ||
|---|---|---|---|
| 001 | bg | ||
| 100 | 1 | _aMAJOR, Mate | |
| 245 | 0 |
_aPier Luigi Nervi / _cM. Major. |
|
| 260 |
_aWarszawa, _c1978. |
||
| 490 | 1 | _aArchitektura i Architekci Świata Współczesnego | |
| 830 | _aArchitektura i Architekci Świata Współczesnego | ||
| 040 | _cBPK | ||
| 041 | _apol | ||
| 942 | _cKS | ||
| 008 | s pl f |000 0 pol | ||
| 999 |
_c18621 _d18621 |
||
| 856 |
_uhttp://koha.tu.koszalin.pl/cgi-bin/koha/opac-detail.pl?biblionumber=18621 _yKatalog online BPK |
||